| 000 | 00847cab a2200253 4500 | ||
|---|---|---|---|
| 001 | ABS56581 | ||
| 008 | 090401t1997 xxu||||| |||| 00| 0 eng d | ||
| 035 | _a(Sirsi) u24666 | ||
| 041 | _aeng | ||
| 100 | _aLewis, S. | ||
| 245 | _aLocal authorities and PFI | ||
| 260 | _c1997 | ||
| 350 | _a0 | ||
| 490 |
_aBuilding _v262(7978) 21 February 1997, 34(1) |
||
| 520 | _aExamines CA decisions in "Credit Suisse v Allerdale BC" and "Credit Suisse v Waltham Forest LBC" and considers the implications for local authorities involvement in the PFI. | ||
| 650 | _aCREDIT SUISSE V ALLERDALE BC | ||
| 650 | _aCREDIT SUISSE AND OTHERS V WALTHAM FOREST LBC | ||
| 650 | _aLOCAL AUTHORITIES | ||
| 650 | _aLOCAL GOVERNMENT ACT 1972 S111 | ||
| 650 | _aPFI | ||
| 690 | _aPROPERTY-PROPERTY FINANCE AND INVESTMENT | ||
| 942 | _n0 | ||
| 948 | _c04/03/1997 | ||
| 999 |
_c16548 _d16548 |
||